| 000 | 00800nam a2200301Ia 4500 | ||
|---|---|---|---|
| 001 | 23037 | ||
| 003 | IT-RoPAU | ||
| 008 | 130308s9999 xx 000 0 und d | ||
| 040 | _aIT-RoPAU | ||
| 040 | _cIT-RoPAU | ||
| 041 | _aINGLESE | ||
| 100 | _aLeach Edmund | ||
| 100 | _gCodice Aut. SPICS: 4794 | ||
| 245 | _aProblems of Terminology | ||
| 245 | _bCommunication Studies-An Introductory Reader | ||
| 250 | _a2a ed. | ||
| 260 | _aLONDON | ||
| 260 | _bArnold Edward | ||
| 260 | _c1982 [1° Ed.:1980 - Ed.Ling.Originale:1980] | ||
| 300 | _a"8 p. (prefazione: no ; testo: 8 [pagine: 15-22])" | ||
| 500 | _aProbemi di Terminologia | ||
| 650 | _aSAGGI DI COMUNICAZIONE SOCIALE | ||
| 650 | _eCodice materia Spics: 3807 | ||
| 942 | _cBK | ||
| 957 | _71 | ||
| 999 |
_c45338 _d45338 |
||
| 999 | _bSI | ||
| 999 | _g1 | ||